| 000 | 00453nam a2200169Ia 4500 | ||
|---|---|---|---|
| 999 |
_c5658 _d5658 |
||
| 008 | 200103s 2007 ||||xx |||||||||||||| ||und|| | ||
| 020 | _a9788181470041 | ||
| 082 |
_a623.82 _bKEM |
||
| 100 | _aKemp & Young | ||
| 245 | 0 | _aShip construction : sketches and notes | |
| 260 |
_bElsevier India Pvt Ltd _c2007 _aNew Delhi |
||
| 300 | _a139p. | ||
| 650 | _aLines Plan | ||
| 650 | _aDuct Keel / Bilge Keel | ||
| 650 | _aDeck Fittings | ||
| 942 | _cBK | ||